Fundamentals of Engineering Thermodynamics (Record no. 60230)
[ view plain ]
| 000 -LEADER | |
|---|---|
| fixed length control field | 00643nam a22001817a 4500 |
| 003 - CONTROL NUMBER IDENTIFIER | |
| control field | NUST-PNEC |
| 005 - DATE AND TIME OF LATEST TRANSACTION | |
| control field | 20170114142547.0 |
| 008 - FIXED-LENGTH DATA ELEMENTS--GENERAL INFORMATION | |
| fixed length control field | 140718b xxu||||| |||| 00| 0 eng d |
| 020 ## - INTERNATIONAL STANDARD BOOK NUMBER | |
| International Standard Book Number | 0471274712 |
| 040 ## - CATALOGING SOURCE | |
| Transcribing agency | PNEC |
| 082 ## - DEWEY DECIMAL CLASSIFICATION NUMBER | |
| Classification number | 621.4021 MOR |
| 100 ## - MAIN ENTRY--PERSONAL NAME | |
| 9 (RLIN) | 213 |
| Personal name | Moran Michael J. |
| 245 ## - TITLE STATEMENT | |
| Title | Fundamentals of Engineering Thermodynamics |
| Statement of responsibility, etc. | Michael J. Moran |
| 300 ## - PHYSICAL DESCRIPTION | |
| Extent | 896 p |
| Other physical details | ill. : |
| 500 ## - GENERAL NOTE | |
| General note | Includes index. http://www.amazon.com/Fundamentals-Engineering-Thermodynamics-Michael-Moran/dp/0471274712/ref=sr_1_4?s=books&ie=UTF8&qid=1405653619&sr=1-4&keywords=fundamentals+of+engineering+thermodynamics |
| 650 ## - SUBJECT ADDED ENTRY--TOPICAL TERM | |
| General subdivision | ME |
| 942 ## - ADDED ENTRY ELEMENTS (KOHA) | |
| Source of classification or shelving scheme | |
| Koha item type | Book |
| Withdrawn status | Lost status | Source of classification or shelving scheme | Damaged status | Not for loan | Permanent Location | Current Location | Date acquired | Source of acquisition | Cost, normal purchase price | Total Checkouts | Full call number | Barcode | Date last seen | Cost, replacement price | Price effective from | Koha item type | Shelving location |
|---|---|---|---|---|---|---|---|---|---|---|---|---|---|---|---|---|---|
| Pakistan Navy Engineering College (PNEC) | Pakistan Navy Engineering College (PNEC) | 12/15/2010 | ZS Dictionary Shop | 700.00 | 621.4021 MOR | PNECBB-005569 | 07/18/2014 | 700.00 | 12/15/2010 | Book | |||||||
| Pakistan Navy Engineering College (PNEC) | Pakistan Navy Engineering College (PNEC) | 621.4021 MOR | PNECLIB-011826 | 10/07/2015 | Book |
